000 00643nam a2200217Ia 4500
008 160319s9999 xx 000 0 und d
245 _aIn the name of revolution /
245 _cproduced by 3BM for Discovery ; written, and directed by Polly Williams.
260 _aPhilippines :
260 _bMagnavision.
260 _c2004
300 _a1 videodisc (108.44 min.) :
300 _bsound, color :
300 _c4 3/4 in.
440 _aAge of terror.
650 _aInsurgency.
650 _aPolitical violence.
650 _aRevolutions.
650 _aTerrorism.
700 _aDiscovery Channel Video (Firm), Corporate Author.
999 _c292642
_d292642